000 00640nam a22002417a 4500
003 UA-OsUOA
001 70438
007 ta
008 20100903b un ||||| |||| 00| 0 ukr d
100 _aШаховская З. А.
090 _a821.161.1
_bШ32
942 _cBK
040 _aUA-OsUOA
_brus
_cUA-OsUOA
_dUA-OsUOA
245 _aВ поисках Набокова. Отражения
300 _a319 с.
955 _a3
041 _arus
080 _a821.161.1
020 _a5-212-00448-9
260 _aМ.
_bКнига
_c319
650 7 _a82 Література. Літературознавство
_2UDC
999 _c356689
_d356689